Southville International School and Colleges
Your cart is empty.
  • Cart
  • Lists
    Public lists Eva Luna New books Lux_list list_1
    Your lists Log in to create your own lists
  • Log in to your account
  • Your cookies
  • Search history
Southville International School and Colleges
  • Advanced search
  • Recent comments
  • Most popular
  • Libraries

Log in to your account

Log in with GOOGLE


If you do not have an external account, but do have a local account, you can still log in:

  1. Home
  2. MARC view: Landowners' rights under the agrarian reform program /
Normal view MARC view ISBD view

Landowners' rights under the agrarian reform program / (Record no. 291337)

[ view plain ]
MARC details
000 -LEADER
fixed length control field 00886nam a2200289Ia 4500
008 - FIXED-LENGTH DATA ELEMENTS--GENERAL INFORMATION
fixed length control field 160303s9999 xx 000 0 und d
020 ## - INTERNATIONAL STANDARD BOOK NUMBER
International Standard Book Number 971-691-313-3
050 ## - LIBRARY OF CONGRESS CALL NUMBER
Classification number FIL KPM 988
050 ## - LIBRARY OF CONGRESS CALL NUMBER
Item number .H47 2004
100 ## - MAIN ENTRY--PERSONAL NAME
Personal name Hernandez, Eduardo F.
245 ## - TITLE STATEMENT
Title Landowners' rights under the agrarian reform program /
245 ## - TITLE STATEMENT
Statement of responsibility, etc Eduardo F. Hernandez, Gil Marie M. Alba, Adriano Montinola Hernandez.
250 ## - EDITION STATEMENT
Edition statement 2nd Edition
260 ## - PUBLICATION, DISTRIBUTION, ETC. (IMPRINT)
Place of publication, distribution, etc Quezon City:
260 ## - PUBLICATION, DISTRIBUTION, ETC. (IMPRINT)
Name of publisher, distributor, etc Central Professional Books, Inc.,
260 ## - PUBLICATION, DISTRIBUTION, ETC. (IMPRINT)
Date of publication, distribution, etc 2004
300 ## - PHYSICAL DESCRIPTION
Extent 545 pages :
300 ## - PHYSICAL DESCRIPTION
Other physical details illustrations ;
300 ## - PHYSICAL DESCRIPTION
Dimensions 23 cm.
500 ## - GENERAL NOTE
General note Includes index.
650 ## - SUBJECT ADDED ENTRY--TOPICAL TERM
Topical term or geographic name as entry element Land reform --
650 ## - SUBJECT ADDED ENTRY--TOPICAL TERM
Topical term or geographic name as entry element Land tenure --
650 ## - SUBJECT ADDED ENTRY--TOPICAL TERM
Topical term or geographic name as entry element Landowners --
650 ## - SUBJECT ADDED ENTRY--TOPICAL TERM
General subdivision Law and legislation -- Philippines.
650 ## - SUBJECT ADDED ENTRY--TOPICAL TERM
General subdivision Law and legislation -- Philippines.
650 ## - SUBJECT ADDED ENTRY--TOPICAL TERM
General subdivision Legal status, laws, etc. -- Philippines.
Holdings
Withdrawn status Lost status Damaged status Home library Current library Shelving location Date acquired Cost, normal purchase price Total Checkouts Full call number Barcode Date last seen Price effective from Koha item type
      South Mansfield College South Mansfield College Filipiniana Section 06/30/2005 649.00   FIL KPM 988 .H47 2004 SMC02715 03/03/2016 03/03/2016  

Landowners' rights under the agrarian reform program /

APA

Hernandez E. F., .Landowners' rights under the agrarian reform program. Quezon City: .

Chicago

Hernandez Eduardo F, .Landowners' rights under the agrarian reform program. Quezon City: .

Harvard

Hernandez E. F., .Landowners' rights under the agrarian reform program. Quezon City: .

MLA

Hernandez Eduardo F, .Quezon City: . .

  • Place hold
  • Print
  • Cite
  • Add to your cart (remove)
  • Save record
    BIBTEX Dublin Core MARCXML MARC (non-Unicode/MARC-8) MARC (Unicode/UTF-8) MARC (Unicode/UTF-8, Standard) MODS (XML) RIS
  • More searches
    Search for this title in:
    Other Libraries (WorldCat) Other Databases (Google Scholar) Online Stores (Bookfinder.com) Open Library (openlibrary.org)

Exporting to Dublin Core...

SOUTHVILLE LIBRARY

Southville International School and Colleges Library

1281 Tropical Ave. Cor. Luxembourg St., BF Homes International, Las Pinas City

Tel. No. 8256374 / 252358 Loc. 117/146

Powered by Koha